[Event "Niedersachsen-ch op C"]
[Site "Verden"]
[Date "2018.01.05"]
[Round "4"]
[White "Evering, Kira"]
[Black "Heinsch, Sebastian"]
[Result "1/2-1/2"]
[WhiteElo "1304"]
[BlackElo "1467"]
[PlyCount "87"]
[EventDate "2018.01.04"]
[EventType "swiss"]
[EventRounds "7"]
[EventCountry "GER"]
[SourceTitle "EXT 2022"]
[Source "ChessBase"]
[SourceDate "2021.10.06"]
[SourceVersion "1"]
[SourceVersionDate "2021.10.06"]
[SourceQuality "1"]

1. e4 e5 2. Nf3 Nc6 3. d4 exd4 4. Nxd4 Bc5 5. Nb3 Bb6 6. Nc3 d6 7. Qe2 Be6 8. Be3 Qe7 9. 0-0-0 Nf6 10. f3 0-0-0 11. Qf2 d5 12. exd5 Nxd5 13. Nxd5 Bxd5 14. Bxb6 axb6 15. Bd3 Nb4 16. Kb1 Nxd3 17. Rxd3 Bxb3 18. Rxb3 Rhe8 19. Kc1 Qe2 20. Qxe2 Rxe2 21. g3 Rdd2 22. Rc3 Rxh2 23. Rxh2 Rxh2 24. Re3 Rh6 25. Kd2 Kd7 26. c4 Re6 27. Ra3 f5 28. Ra8 Re8 29. Ra7 Kc6 30. b4 g5 31. b5+ Kd6 32. Rxb7 h5 33. Ra7 h4 34. gxh4 gxh4 35. Ra3 f4 36. Rd3+ Ke6 37. Kc2 h3 38. Rd1 Rg8 39. Rh1 Rg2+ 40. Kd3 h2 41. Ke4 Rxa2 42. Kxf4 Rg2 43. Ke4 Kf6 44. f4 1/2-1/2

[Event "Niedersachsen-ch op C"]
[Site "Verden"]
[Date "2018.01.05"]
[Round "3"]
[White "Heinsch, Sebastian"]
[Black "Humpe, Luca Julien"]
[Result "1-0"]
[WhiteElo "1467"]
[BlackElo "1329"]
[PlyCount "23"]
[EventDate "2018.01.04"]
[EventType "swiss"]
[EventRounds "7"]
[EventCountry "GER"]
[SourceTitle "EXT 2022"]
[Source "ChessBase"]
[SourceDate "2021.10.06"]
[SourceVersion "1"]
[SourceVersionDate "2021.10.06"]
[SourceQuality "1"]

1. e4 c6 2. d4 d5 3. exd5 cxd5 4. c4 Nf6 5. Nf3 Nc6 6. Nc3 Bg4 7. c5 e5 8. dxe5 Nxe5 9. Qe2 Qe7 10. Qxe5 Qxe5+ 11. Nxe5 Bxc5 12. Bb5+ 1-0

[Event "Niedersachsen-ch op-B"]
[Site "Verden"]
[Date "2014.01.04"]
[Round "6"]
[White "Kramer, Norbert"]
[Black "Heinsch, Sebastian"]
[Result "1/2-1/2"]
[WhiteElo "1790"]
[BlackElo "1482"]
[PlyCount "71"]
[EventDate "2014.01.02"]
[EventType "swiss"]
[EventRounds "7"]
[EventCountry "GER"]
[SourceTitle "EXT 2016"]
[Source "ChessBase"]
[SourceDate "2015.10.08"]
[SourceVersion "1"]
[SourceVersionDate "2015.10.08"]
[SourceQuality "1"]

1. d4 e5 2. dxe5 Qe7 3. Nf3 Nc6 4. e4 Nxe5 5. Nxe5 Qxe5 6. Bd3 Bc5 7. Nd2 Nf6 8. Nf3 Qe7 9. 0-0 d6 10. h3 0-0 11. Bg5 h6 12. Bh4 g5 13. Bg3 Nh5 14. Bh2 Qf6 15. e5 Qg7 16. c3 g4 17. hxg4 Bxg4 18. exd6 cxd6 19. Be2 Rfe8 20. Re1 Re6 21. Kf1 Rae8 22. Qd5 Nf6 23. Qxb7 Ne4 24. Nd4 Bxd4 25. cxd4 Nd2+ 26. Kg1 Bxe2 27. Rxe2 Rxe2 28. Bxd6 Nf3+ 29. Qxf3 Qxd4 30. Ba3 Qe4 31. Qg3+ Qg6 32. Qc3 Qf5 33. Rf1 Qe5 34. Bb4 Re6 35. Qxe5 R6xe5 36. Bc3 1/2-1/2

[Event "Niedersachsen-ch"]
[Site "Verden"]
[Date "2008.01.05"]
[Round "6"]
[White "Heyne, Jan Hendrik"]
[Black "Heinsch, Sebastian"]
[Result "1-0"]
[WhiteElo "1546"]
[BlackElo "1452"]
[PlyCount "61"]
[EventDate "2008.01.03"]
[EventType "swiss"]
[EventRounds "7"]
[EventCountry "GER"]
[SourceTitle "EXT 2010"]
[Source "ChessBase"]
[SourceDate "2010.11.25"]
[SourceVersion "1"]
[SourceVersionDate "2010.11.25"]
[SourceQuality "1"]

1. e4 e5 2. Bc4 Nc6 3. Nc3 Nf6 4. d3 Bc5 5. f4 exf4 6. Bxf4 d6 7. Nf3 Be6 8. Bxe6 fxe6 9. Na4 Bb6 10. Nxb6 axb6 11. 0-0 e5 12. Bd2 Qd7 13. Nh4 0-0-0 14. Nf5 Rhf8 15. c3 d5 16. exd5 Qxd5 17. Bg5 Qxd3 18. Qxd3 Rxd3 19. Nxg7 Nd7 20. Rxf8+ Nxf8 21. Rf1 Ng6 22. h4 Nge7 23. Rf7 Nd5 24. Ne6 b5 25. Rf8+ Kd7 26. Nc5+ Kd6 27. Nxd3 e4 28. Nf4 e3 29. Nxd5 e2 30. Kf2 Kxd5 31. Kxe2 1-0